000 00433nam a2200181Ia 4500
001 20164
005 20260306172746.0
008 260306t1995||||xx |||||||||||||| ||spa||
041 _aESP
082 _a342.8
_bV18
100 _aValdivia Cano, Ramiro
_eAUT
245 0 _aPanorama del derecho internacional privado en el PerĂº
260 _c1995
300 _a
_c
650 _aGEN
654 _aCDE
942 _cLIB
_dJUS
_fJUS
_2ddc
_n
999 _c20164
_d20164